| 000 | 00372pab a2200157 454500 | ||
|---|---|---|---|
| 008 | 180718b2011 xxu||||| |||| 00| 0 eng d | ||
| 100 | _aRadin, Beryl A. | ||
| 245 | _aJust a reminder: Don't ignore Congress | ||
| 260 | _c2011 | ||
| 300 | _ap.26-27. | ||
| 362 | _aSummer | ||
| 650 | _aAdministrative reform | ||
| 773 | _aPublic Manager | ||
| 908 | _aN | ||
| 909 | _a92460 | ||
| 999 |
_c92460 _d92460 |
||